ՀՀ Գիտությունների ազգային ակադեմիայի հիմնարար գիտական գրադարան  =   Fundamental Scientific Library of NAS RA

ՄԱՇՏՈՑ. (Record no. 216964)

MARC details
000 -LEADER
fixed length control field 01573nam a2200205 u 4500
003 - CONTROL NUMBER IDENTIFIER
control field AM-YeHGA
005 - DATE AND TIME OF LATEST TRANSACTION
control field 20250617140257.0
008 - FIXED-LENGTH DATA ELEMENTS--GENERAL INFORMATION
fixed length control field 071123s1792 ||| r 000 0 arm d
040 ## - CATALOGING SOURCE
Original cataloging agency AM-YeHGA
090 ## - LOCALLY ASSIGNED LC-TYPE CALL NUMBER (OCLC); LOCAL CALL NUMBER (RLIN)
-- 218489
245 00 - TITLE STATEMENT
Title ՄԱՇՏՈՑ.
260 ## - PUBLICATION, DISTRIBUTION, ETC.
Place of publication, distribution, etc. Կ. Պոլիս :
Name of publisher, distributor, etc. տպ. Ստեփանոս Պետրոսյանի,
Date of publication, distribution, etc. 1792.
300 ## - PHYSICAL DESCRIPTION
Extent 384 էջ ;
Dimensions 15.5 սմ.
500 ## - GENERAL NOTE
General note ՏԻՏՂԹ.՝ Ս[ուր]բ Գիրքս որ/ կոչի/ ՄԱՇՏՈՑ/ Պարունակէ յինքե[ան]ն զոմանս սրբազան/ արարողու[թ]ի[ւնս Հայաս-/տանեայց Եկեղե-/ցւոյ:/ Տպե[ա]լ Հր[ա]մ[ա]նաւ Տ[եառ]ն/ Զաք[ա]րի[ա]յ ազգասէր/ Պատրիարգի:/ Ի կոստանդնուպօլիս/ ի Տպարանի Պետրոսեան/ Ստեփաննոսի։/ ի Մատթէոս դպրէ։/
500 ## - GENERAL NOTE
General note 384 զարդափակ էջ: Ութածալ, մամուլանիշերը հայատառ: Շարվ. չափը շրջանակով՝ 12,4X8,3 սմ: Տիտղթ. խորանի մեջ: Էջախորագրերով (էջերի ներքևի մասում)։ 1 փորագիր պատկեր, գլխազարդեր, վերջազարդեր, լուսանցազարդեր և զարդագրեր։ Բնագիրը 12 կետաչափի բոլորագրով, օգտագործված են նաև նոտրգիր և գլխագրեր։
546 ## - LANGUAGE NOTE
Language note Գրաբար
650 14 - SUBJECT ADDED ENTRY--TOPICAL TERM
Topical term or geographic name entry element Հայոց եկեղեցի
856 41 - ELECTRONIC LOCATION AND ACCESS
Uniform Resource Identifier <a href="http://greenstone.flib.sci.am/gsdl/collect/armenian/Books/mashtoc1792/book/mashtoc1792.pdf">http://greenstone.flib.sci.am/gsdl/collect/armenian/Books/mashtoc1792/book/mashtoc1792.pdf</a>
Link text Կարդալ առցանց
942 ## - ADDED ENTRY ELEMENTS (KOHA)
Source of classification or shelving scheme Universal Decimal Classification
Koha item type Գրքեր / Books
Holdings
Withdrawn status Lost status Source of classification or shelving scheme Damaged status Not for loan Collection Home library Current library Date acquired Total checkouts Full call number Barcode Date last seen Price effective from Koha item type Public note
    Universal Decimal Classification     Rare Books Collection Fundamental Scientific Library Fundamental Scientific Library 28/12/2016   A/684 FL0023179 28/12/2016 28/12/2016 Գրքեր / Books ILL Non-Circ.


ՀՀ ԳԱԱ հիմնարար գիտական գրադարան
ՀՀ,Երևան 0019
Մարշալ Բաղրամյան 24/6
հեռախոս:(374-10) 52-47-50
Հետադարձ կապ

All site content, except where otherwise noted, is licensed under a
Creative Commons License